000 00587nam a2200241Ia 4500
003 OSt
005 20220924151010.0
006 a|||||r|||| 00| 0
007 ta
008 220923b |||||||| |||| 00| 0 tel d
020 _c15.00
024 _a335591
037 _cTextual
040 _aARTS
_cARTS
_btel
041 _2tel
_atel
082 _aO1591, 35M4
100 _aTulasi C. Tr.
_9223382
245 0 _aSaraladasu
260 _c1984
650 _aORIYA LITERATURE
_927692
942 _hO1591, 35M4
_cTEXL
_2CC
999 _c465238
_d465238